[Event "grenke Chess Open 2025"]
[Site "Karlsruhe GER"]
[Date "2025.04.18"]
[Round "3.52"]
[White "Postlmayer, Jakob"]
[Black "Schimnatkowski, Lukas"]
[Result "1-0"]
[WhiteTitle "FM"]
[WhiteElo "2403"]
[BlackElo "2185"]
[WhiteFideId "1643622"]
[BlackFideId "12936723"]
[EventDate "2025.04.17"]

1. d4 Nf6 2. c4 e6 3. Nf3 Bb4+ 4. Bd2 Qe7 5. e3 b6 6. Bd3 Bb7 7. O-O O-O 8. Nc3
d6 9. a3 Bxc3 10. Bxc3 Ne4 11. Be1 Nd7 12. Nd2 Ndf6 13. Nxe4 Bxe4 14. Bxe4 Nxe4
15. f3 Nf6 16. Bh4 e5 17. d5 h6 18. e4 g5 19. Bf2 Nh5 20. g3 Nf6 21. Be3 Nd7 22.
Qd3 f6 23. b4 Qh7 24. Kg2 f5 25. exf5 Rxf5 26. g4 Rf7 27. Qxh7+ Kxh7 28. a4 a5
29. bxa5 Rxa5 30. Bd2 Ra8 31. Ra3 Nc5 32. Be3 Ra5 33. h4 Kg6 34. hxg5 hxg5 35.
Rh1 Rg7 36. Rh5 Kf6 37. Rh8 Nxa4 38. Bd2 Ra6 39. Rf8+ Kg6 40. Rf5 Kh6 41. Ra1
Nc5 42. Rh1+ Kg6 43. Rxg5+ Kf7 44. Rf5+ Ke7 45. Bg5+ Kd7 46. Rh8 c6 47. Bh6 Re7
48. Bf8 Re8 49. Rh7+ Kd8 50. dxc6 e4 51. Bxd6 exf3+ 52. Rxf3 Ra2+ 53. Kh3 Ne4
54. Bf4 Rg8 55. Rd3+ Ke8 56. Re3 1-0

[Event "grenke Chess Open 2025"]
[Site "Karlsruhe GER"]
[Date "2025.04.18"]
[Round "3.53"]
[White "Tran, Duc Cuong"]
[Black "Kavutskiy, Kostya"]
[Result "0-1"]
[BlackTitle "IM"]
[WhiteElo "2109"]
[BlackElo "2351"]
[WhiteFideId "24689718"]
[BlackFideId "2026384"]
[EventDate "2025.04.17"]

1. e4 c5 2. Nf3 Nc6 3. Bb5 d6 4. O-O Bd7 5. c3 Nf6 6. Re1 a6 7. Bf1 Bg4 8. h3
Bxf3 9. Qxf3 e6 10. d3 Be7 11. Be3 O-O 12. Nd2 b5 13. Qd1 Nd7 14. Nf3 Qc7 15. d4
Rfd8 16. Rc1 Rab8 17. Bd3 a5 18. Bb1 b4 19. d5 exd5 20. exd5 Nce5 21. c4 Nxf3+
22. Qxf3 Bf6 23. Re2 b3 24. a3 Re8 25. h4 g6 26. h5 Qd8 27. hxg6 hxg6 28. Qh3
Nb6 29. g4 Bg5 30. Kg2 Bxe3 31. Rxe3 Rxe3 32. Qxe3 Qf6 33. g5 Qe5 34. Qxe5 dxe5
35. Bd3 Na4 36. Rb1 Kg7 37. Kg3 Rb6 38. f4 exf4+ 39. Kxf4 Kf8 40. Ke5 Ke7 41.
Be4 Rd6 42. Bd3 Rd8 43. Be2 Re8 44. Bd1 Nb6 45. Bxb3 a4 46. Ba2 Nd7+ 47. Ke4
Kd6+ 48. Kd3 Ne5+ 49. Kc3 Nf3 50. Rd1 Nxg5 51. Bb1 Re3+ 52. Kd2 Rb3 53. Kc1 Rg3
54. Bc2 Rg4 55. Bd3 f5 56. b3 axb3 57. Kb2 Nf3 58. Kxb3 Ne5 59. a4 Rd4 60. Be2
Re4 61. Bd3 Re3 62. Kc2 f4 63. a5 f3 64. a6 Nxd3 65. Rxd3 f2 66. Rd1 Re1 67. a7
f1=Q 68. a8=Q Qxc4+ 0-1

[Event "grenke Chess Open 2025"]
[Site "Karlsruhe GER"]
[Date "2025.04.18"]
[Round "3.54"]
[White "Faerber, David"]
[Black "Jansen, Bob"]
[Result "1/2-1/2"]
[WhiteElo "2398"]
[BlackElo "2183"]
[WhiteFideId "12971294"]
[BlackFideId "1012550"]
[EventDate "2025.04.17"]

1. e4 d6 2. d4 Nf6 3. Nc3 g6 4. Be3 a6 5. h3 Bg7 6. g4 O-O 7. Bg2 e5 8. Nge2 Nc6
9. Qd2 exd4 10. Nxd4 Ne5 11. b3 Re8 12. O-O Bd7 13. Nde2 Bc6 14. Ng3 Ned7 15. g5
Nh5 16. Nxh5 gxh5 17. f3 Nf8 18. Rad1 Qd7 19. Nd5 Bxd5 20. Qxd5 Qc6 21. Qd3 Rad8
22. c4 Ng6 23. Qd5 Ne7 24. Qd3 Ng6 25. Qd5 Ne7 26. Qd2 Ng6 27. Qf2 b5 28. Rc1
Qd7 29. f4 bxc4 30. bxc4 Qa4 31. Qc2 Qxc2 32. Rxc2 Rb8 33. Rd1 h6 34. f5 Ne5 35.
gxh6 Bf8 36. c5 Kh7 37. cxd6 cxd6 38. Bf1 Rb4 39. Bg2 Reb8 40. Bf4 Rb1 41. Rd2
R8b2 42. Rxb1 Rxb1+ 43. Kh2 Rb6 44. Kg3 1/2-1/2

[Event "grenke Chess Open 2025"]
[Site "Karlsruhe GER"]
[Date "2025.04.18"]
[Round "3.55"]
[White "Butenandt, Svenja"]
[Black "Fedorovsky, Michael"]
[Result "0-1"]
[WhiteTitle "WFM"]
[BlackTitle "IM"]
[WhiteElo "2167"]
[BlackElo "2397"]
[WhiteFideId "12993859"]
[BlackFideId "14105454"]
[EventDate "2025.04.17"]

1. d4 Nf6 2. c4 e6 3. Nc3 Bb4 4. e3 O-O 5. Bd2 c5 6. a3 Bxc3 7. Bxc3 Ne4 8. Ne2
b6 9. d5 Ba6 10. b3 b5 11. Qc2 exd5 12. cxd5 Nxc3 13. Nxc3 b4 14. Bxa6 Nxa6 15.
axb4 Nxb4 16. Qd2 d6 17. O-O f5 18. Ra4 Qb6 19. Rfa1 Qb7 20. Qe2 a6 21. Qc4 Rae8
22. Rd1 Qf7 23. Qf4 Qf6 24. Qc4 g5 25. Na2 Re4 26. Qc3 Nxa2 27. Qxf6 Rxf6 28.
Rxa2 f4 29. exf4 Rfxf4 30. Rxa6 Rd4 31. Raa1 Rxd1+ 32. Rxd1 Rb4 33. h4 Rxh4 34.
g3 Re4 35. Rd3 h5 36. Kg2 Rd4 37. Re3 Rxd5 38. Re7 g4 39. Rd7 Kf8 40. Rh7 Ke8
41. Kf1 Rd3 42. Rxh5 Rxb3 43. Rg5 Rb4 44. Rg7 Re4 45. f3 gxf3 46. Kf2 Re7 47.
Rg8+ Kd7 48. Kxf3 c4 49. Ra8 d5 50. Ra4 Kd6 51. g4 c3 52. Ra2 d4 53. Rc2 Kd5 54.
g5 Kc4 55. g6 d3 56. Rg2 d2 0-1

[Event "grenke Chess Open 2025"]
[Site "Karlsruhe GER"]
[Date "2025.04.18"]
[Round "3.56"]
[White "Toure, Vasanth"]
[Black "Pham, Khoi"]
[Result "0-1"]
[BlackTitle "IM"]
[WhiteElo "2162"]
[BlackElo "2386"]
[WhiteFideId "26014580"]
[BlackFideId "1054988"]
[EventDate "2025.04.17"]

1. e4 e5 2. Nf3 Nc6 3. Bc4 Nf6 4. d3 Bc5 5. c3 d6 6. h3 O-O 7. O-O a5 8. Re1 Be6
9. Bb5 Ba7 10. Nbd2 Ne7 11. Nf1 Ng6 12. Ng3 c6 13. Ba4 Re8 14. Bc2 d5 15. Ng5
Bd7 16. exd5 cxd5 17. Nf3 h6 18. Be3 Bb8 19. b4 Bd6 20. a3 Qc7 21. Qd2 Rac8 22.
Ne2 d4 23. Nfxd4 exd4 24. Bxd4 Be5 25. Bxe5 Nxe5 26. c4 Bxh3 27. bxa5 Bxg2 28.
Kxg2 Qc6+ 29. Kh3 Qf3+ 30. Ng3 Qg4+ 31. Kg2 Nf3 32. Rxe8+ Rxe8 33. Bd1 Nh5 34.
Bxf3 Nf4+ 35. Qxf4 Qxf4 36. Bxb7 h5 37. Nxh5 Qe5 38. Rh1 Qxa5 39. Ng3 Qxa3 40.
Be4 g6 41. Rb1 Kg7 42. Rb7 Re7 43. Rb5 Qc1 44. Ra5 Rc7 45. Ra8 Qg5 46. Kf3 f5
47. Bd5 Qg4+ 48. Kg2 f4 49. Ra2 fxg3 50. fxg3 Re7 51. Be4 Rxe4 52. dxe4 Qxe4+
53. Kh2 Qxc4 54. Rf2 g5 55. Kh3 Kg6 56. g4 Qd4 57. Rf3 Qh8+ 58. Kg2 Qh4 59. Rg3
Kf6 60. Kf3 Ke5 61. Rg2 Qh3+ 62. Rg3 Qf1+ 0-1

[Event "grenke Chess Open 2025"]
[Site "Karlsruhe GER"]
[Date "2025.04.18"]
[Round "3.57"]
[White "Wichtrup, Jan-Louis"]
[Black "Bassini, Emile"]
[Result "1/2-1/2"]
[BlackTitle "FM"]
[WhiteElo "2160"]
[BlackElo "2383"]
[WhiteFideId "16229355"]
[BlackFideId "26084074"]
[EventDate "2025.04.17"]

1. e4 d5 2. exd5 Qxd5 3. Nc3 Qd6 4. d4 Nf6 5. Nf3 a6 6. g3 Bg4 7. h3 Bh5 8. Bg2
Nc6 9. d5 Nb4 10. O-O Nbxd5 11. Nxd5 Qxd5 12. Qe2 O-O-O 13. Bf4 e6 14. g4 Bg6
15. Ne5 Qd4 16. Bg3 Bd6 17. Rfd1 Qa7 18. c4 Nd7 19. Nxg6 hxg6 20. Bxd6 cxd6 21.
Rxd6 Nf6 22. Rad1 Rxd6 23. Rxd6 Qc5 24. Rd3 Re8 25. b4 Qc7 26. c5 Qf4 27. c6 b5
28. a4 Qxb4 29. axb5 Qxb5 30. Qd1 Nd5 31. Rb3 Qxc6 32. Rb1 Kd7 33. Rc1 Qb7 34.
Qa4+ Qb5 35. Qd4 Rc8 36. Rxc8 Kxc8 37. Qxg7 Qd7 38. Qf8+ Kc7 39. Qc5+ Qc6 40.
Qa7+ Kd6 41. Qxf7 Qc1+ 42. Kh2 g5 43. Qf8+ Kd7 44. Qf7+ Kd6 45. Qf8+ Kd7 46.
Qg7+ Kd6 1/2-1/2

[Event "grenke Chess Open 2025"]
[Site "Karlsruhe GER"]
[Date "2025.04.18"]
[Round "3.58"]
[White "Ernst, Robert"]
[Black "Perkampus, Laurin"]
[Result "1-0"]
[WhiteTitle "FM"]
[WhiteElo "2378"]
[BlackElo "2146"]
[WhiteFideId "1662643"]
[BlackFideId "16232283"]
[EventDate "2025.04.17"]

1. d4 d5 2. c4 e6 3. Nc3 Nf6 4. cxd5 exd5 5. Bg5 c6 6. e3 Bd6 7. Bd3 O-O 8. Nge2
Re8 9. Qc2 h6 10. Bh4 b5 11. a4 b4 12. Na2 a5 13. Nac1 b3 14. Qxb3 Bb4+ 15. Kf1
c5 16. Qc2 Nc6 17. Bb5 Bd7 18. Bxc6 Bxc6 19. Nd3 Rc8 20. dxc5 d4 21. Nxb4 axb4
22. Nxd4 g5 23. Bg3 Ne4 24. f3 Nxg3+ 25. hxg3 Rxe3 26. Nf5 b3 27. Qc4 Re6 28.
Nxh6+ Kf8 29. Nf5 Qf6 30. Qd4 1-0

[Event "grenke Chess Open 2025"]
[Site "Karlsruhe GER"]
[Date "2025.04.18"]
[Round "3.59"]
[White "Papp, Levente"]
[Black "Baltzer, Yoan"]
[Result "1-0"]
[WhiteTitle "FM"]
[WhiteElo "2376"]
[BlackElo "2142"]
[WhiteFideId "751243"]
[BlackFideId "551066394"]
[EventDate "2025.04.17"]

1. c4 e6 2. Nf3 d5 3. g3 Nf6 4. Bg2 Be7 5. O-O O-O 6. b3 d4 7. e3 c5 8. Ne5 Bd6
9. exd4 cxd4 10. Re1 Qc7 11. Nd3 Nfd7 12. Na3 a6 13. b4 Nc6 14. c5 Be7 15. Bb2
e5 16. Nc4 f5 17. Qb3 Kh8 18. Bxc6 bxc6 19. Ncxe5 Nxe5 20. Nxe5 Bf6 21. Bxd4 Bd7
22. Qc3 Rad8 23. Nc4 Bxd4 24. Qxd4 Be6 25. Nd6 Bd5 26. Re5 f4 27. Rae1 Qd7 28.
Rxd5 cxd5 29. Qxd5 h6 30. Re6 Rb8 31. Qe5 Rxb4 32. Rxh6+ Kg8 33. Qd5+ Rf7 34.
Rh8+ Kxh8 35. Nxf7+ 1-0

[Event "grenke Chess Open 2025"]
[Site "Karlsruhe GER"]
[Date "2025.04.18"]
[Round "3.60"]
[White "Lad, Mandar Pradip"]
[Black "Nagel, Bernhard"]
[Result "1-0"]
[WhiteElo "2375"]
[BlackElo "2138"]
[WhiteFideId "25747630"]
[BlackFideId "4661559"]
[EventDate "2025.04.17"]

1. d4 d5 2. c4 e6 3. Nc3 Nf6 4. cxd5 exd5 5. Bf4 Bd6 6. Bxd6 Qxd6 7. e3 O-O 8.
Qc2 Nc6 9. h3 Nb4 10. Qd1 Bf5 11. Rc1 a6 12. a3 Nc6 13. Bd3 Bxd3 14. Qxd3 Na5
15. Nf3 Nc6 16. O-O Ne7 17. Na4 Nd7 18. b4 b5 19. Nc5 Nxc5 20. Rxc5 c6 21. Rfc1
f6 22. Ne1 Qe6 23. Qc2 Rfb8 24. Nd3 g5 25. Rc3 Kg7 26. Nc5 Qd6 27. f4 gxf4 28.
Rf1 Kh8 29. Qf2 Rg8 30. Qxf4 Qxf4 31. Rxf4 a5 32. Rxf6 axb4 33. axb4 Ra1+ 34.
Rf1 Rga8 35. g4 Rxf1+ 36. Kxf1 Ra2 37. Nd3 Kg7 38. Kg1 Kf6 39. Ne5 Ra6 40. Kf2
Ke6 41. Kg3 Kd6 42. Nf7+ Kd7 43. Ng5 Ra4 44. Rb3 h6 45. Nf7 Ng8 46. h4 Ra1 47.
Rc3 Nf6 48. Ne5+ Ke7 49. Rxc6 Ne4+ 50. Kh3 Ra3 51. Rxh6 Rxe3+ 52. Kg2 Rg3+ 53.
Kh2 Rb3 54. g5 Kf8 55. g6 Rxb4 56. h5 Rxd4 57. Rh8+ Kg7 58. h6+ Kf6 59. Rf8+
Kxe5 60. h7 Rd2+ 61. Kg1 1-0

[Event "grenke Chess Open 2025"]
[Site "Karlsruhe GER"]
[Date "2025.04.18"]
[Round "3.61"]
[White "Smith, Bryan"]
[Black "Beretta, Giulio"]
[Result "1-0"]
[WhiteTitle "GM"]
[WhiteElo "2374"]
[BlackElo "2091"]
[WhiteFideId "2017083"]
[BlackFideId "2813578"]
[EventDate "2025.04.17"]

1. e4 e6 2. d4 d5 3. Nd2 Nf6 4. e5 Nfd7 5. Bd3 c5 6. c3 Nc6 7. Ngf3 Qb6 8. O-O
cxd4 9. cxd4 Nxd4 10. Nxd4 Qxd4 11. Nf3 Qb6 12. a3 a5 13. Qa4 Be7 14. Be3 Qd8
15. Qg4 Kf8 16. Rac1 f5 17. exf6 Nxf6 18. Qg3 Bd7 19. Ne5 Be8 20. Bd4 Rc8 21. f4
Bd6 22. Qe3 Bc6 23. f5 exf5 24. Bxf5 Rc7 25. Bb6 Bxe5 26. Qxe5 Re7 27. Qxf6+ 1-0

[Event "grenke Chess Open 2025"]
[Site "Karlsruhe GER"]
[Date "2025.04.18"]
[Round "3.62"]
[White "Thouard, Axel"]
[Black "Roser, Kevin"]
[Result "0-1"]
[BlackTitle "IM"]
[WhiteElo "2154"]
[BlackElo "2369"]
[WhiteFideId "652079112"]
[BlackFideId "608688"]
[EventDate "2025.04.17"]

1. e4 c5 2. Nf3 Nc6 3. d4 cxd4 4. Nxd4 Nf6 5. Nc3 d6 6. Bg5 e6 7. Qd2 a6 8.
O-O-O Bd7 9. Kb1 Nxd4 10. Qxd4 Be7 11. f3 Qc7 12. Qd2 b5 13. Bd3 b4 14. Ne2 a5
15. g4 O-O 16. h4 Rfc8 17. Rc1 Qb7 18. h5 a4 19. c4 bxc3 20. Rxc3 Rxc3 21. Nxc3
Bc6 22. Rc1 Rb8 23. h6 g6 24. Qe2 Kf8 25. Rc2 Nd7 26. Bxe7+ Kxe7 27. Nd5+ Bxd5
28. exd5 Qxd5 29. Rc7 Kd8 30. Ra7 Qd4 31. Ra5 Ne5 32. Ba6 Nc6 33. Rg5 f6 0-1

[Event "grenke Chess Open 2025"]
[Site "Karlsruhe GER"]
[Date "2025.04.18"]
[Round "3.63"]
[White "Zymberi, Agron"]
[Black "von Mettenheim, Johannes"]
[Result "1/2-1/2"]
[WhiteElo "2147"]
[BlackElo "2362"]
[WhiteFideId "24632600"]
[BlackFideId "16244818"]
[EventDate "2025.04.17"]

1. d4 Nf6 2. Nf3 c5 3. d5 b5 4. a4 b4 5. c4 g6 6. Nbd2 Bg7 7. e4 d6 8. h3 O-O 9.
Bd3 a5 10. O-O e5 11. g4 h5 12. Nh2 hxg4 13. hxg4 Bh6 14. f3 Bf4 15. Rf2 Nh7 16.
Nb3 Nd7 17. Bxf4 exf4 18. Nc1 Qf6 19. Bf1 Ne5 20. Ra2 Kg7 21. b3 Rh8 22. Nd3 Nf8
23. Nxe5 Qxe5 24. Qa1 Nd7 25. Be2 Qxa1+ 26. Rxa1 Ne5 27. Nf1 Bd7 28. Rh2 Rxh2
29. Kxh2 Rh8+ 30. Kg2 Kf6 31. Nd2 Bc8 32. Bf1 Nd7 33. e5+ Nxe5 34. Re1 Ke7 35.
Bd3 f5 36. gxf5 gxf5 37. Be2 Kf6 38. Rd1 Ng6 39. Bf1 Re8 40. Kf2 Bd7 41. Bd3 Re3
42. Nf1 Re7 43. Nd2 Rh7 44. Nf1 Nh4 45. Nd2 Rg7 46. Rh1 Rg2+ 47. Ke1 Kg5 48. Bf1
Rg3 49. Kf2 Be8 50. Rh2 Kh5 51. Bh3 Bd7 52. Bf1 Rg7 53. Be2 Re7 54. Nf1 Kg5 55.
Bd3 Ng6 56. Nd2 Kf6 57. Rh6 Rg7 58. Bc2 Ke5 59. Rh5 Kd4 60. Bxf5 Bxf5 61. Rxf5
Kc3 62. Ne4+ Kxb3 63. Nxd6 Kc2 64. Nb5 b3 65. d6 b2 66. Rxc5 Kb3 67. Nd4+ Kc3
68. Ne2+ Kc2 69. Rb5 Ne5 70. Nd4+ Kc3 71. Ne2+ Kxc4 72. Nxf4 Kc3 73. Ne2+ Kc2
74. Nd4+ Kc3 75. Ne2+ Kc4 76. Nf4 Kc3 77. Ne2+ Kc2 1/2-1/2

[Event "grenke Chess Open 2025"]
[Site "Karlsruhe GER"]
[Date "2025.04.18"]
[Round "3.64"]
[White "Farokhi, Keyvan"]
[Black "Bossinger, Patrick"]
[Result "1/2-1/2"]
[WhiteTitle "FM"]
[WhiteElo "2359"]
[BlackElo "2057"]
[WhiteFideId "12998630"]
[BlackFideId "16219759"]
[EventDate "2025.04.17"]

1. e4 c5 2. Nf3 Nc6 3. c3 d5 4. exd5 Qxd5 5. d4 Nf6 6. dxc5 Qxc5 7. Na3 Ng4 8.
Qe2 Bd7 9. Nb5 Rc8 10. b4 Qd5 11. Bf4 e5 12. h3 Be7 13. Bg3 Nf6 14. Rd1 Qe6 15.
Nxe5 Nxe5 16. Qxe5 O-O 17. Qxe6 Bxe6 18. a3 a6 19. Nc7 Bb3 20. Rb1 Ba4 21. b5
axb5 22. Bxb5 Bxb5 23. Nxb5 Ne4 24. Be5 Bc5 25. Bd4 Rfe8 26. O-O Nd2 27. Bxc5
Nxb1 28. Nd6 Rxc5 29. Nxe8 Nxa3 30. Nd6 Rxc3 31. Re1 h6 32. Re8+ Kh7 33. Re7 Rc6
34. Nxf7 b5 35. Rb7 Nc4 36. Rxb5 Nd6 37. Nxd6 Rxd6 38. h4 Kg6 39. h5+ Kf6 40.
Kh2 Ra6 41. Kg3 Rc6 42. Ra5 Rb6 43. Kg4 Kf7 44. g3 Rc6 45. f4 Rb6 46. Re5 Ra6
47. Kf5 Rf6+ 48. Ke4 Ra6 49. g4 Ra7 50. Rd5 Rb7 51. g5 hxg5 52. fxg5 Re7+ 53.
Kf4 Ra7 54. g6+ Kf8 55. Kf5 Ra8 56. Rd6 Re8 57. Rd7 Ra8 58. Ke6 Re8+ 59. Kd6 Ra8
60. Rf7+ Kg8 61. Rc7 Rd8+ 62. Ke7 Ra8 63. Rd7 Rb8 64. Ra7 Rc8 65. Kd7 Rb8 66.
Rc7 Kf8 67. Rc5 Ra8 68. Rf5+ Kg8 69. Kc7 Re8 70. Rd5 Ra8 71. Rd8+ Rxd8 72. Kxd8
Kf8 73. Kd7 Kg8 74. Ke7 Kh8 75. Ke6 Kg8 76. Ke5 Kf8 77. Kf5 Kg8 78. Kg5 Kh8 79.
h6 Kg8 80. Kh5 gxh6 81. Kxh6 Kh8 82. g7+ Kg8 83. Kg6 1/2-1/2

[Event "grenke Chess Open 2025"]
[Site "Karlsruhe GER"]
[Date "2025.04.18"]
[Round "3.65"]
[White "Reimer, Philip"]
[Black "Mohamed, Anees M"]
[Result "0-1"]
[BlackTitle "FM"]
[WhiteElo "2131"]
[BlackElo "2359"]
[WhiteFideId "16235860"]
[BlackFideId "35065815"]
[EventDate "2025.04.17"]

1. e4 c5 2. Nf3 a6 3. c3 d5 4. exd5 Qxd5 5. d4 e6 6. Bd3 cxd4 7. cxd4 Nf6 8. O-O
Be7 9. Nc3 Qd8 10. Re1 Nc6 11. Ne5 Qxd4 12. Nxc6 bxc6 13. Bg5 h6 14. Bxf6 Bxf6
15. Qf3 O-O 16. Qxc6 Rb8 17. Rad1 Qb4 18. Qf3 Bb7 19. Qe2 a5 20. a3 Qb6 21. Rc1
Rfd8 22. Bb1 Rd4 23. Qc2 g6 24. Na4 Qd6 25. Qc5 Qf4 26. Nc3 Qg4 27. f3 Bxf3 28.
Rc2 Rbd8 29. Rf1 Rd2 30. Rf2 Rd1+ 31. Nxd1 Rxd1+ 32. Rf1 Bd4+ 33. Kh1 Rxf1# 0-1

[Event "grenke Chess Open 2025"]
[Site "Karlsruhe GER"]
[Date "2025.04.19"]
[Round "4.1"]
[White "Liang, Awonder"]
[Black "Rubes, Jan"]
[Result "1/2-1/2"]
[WhiteTitle "GM"]
[BlackTitle "IM"]
[WhiteElo "2692"]
[BlackElo "2433"]
[WhiteFideId "2056437"]
[BlackFideId "338176"]
[EventDate "2025.04.17"]

1. e4 e5 2. Nf3 Nc6 3. Bb5 a6 4. Ba4 Nf6 5. O-O Be7 6. Re1 b5 7. Bb3 O-O 8. a4
Rb8 9. d3 d6 10. Nbd2 Na5 11. Ba2 c5 12. Nf1 b4 13. Ng3 b3 14. cxb3 Be6 15. b4
Bxa2 16. Rxa2 Rxb4 17. Bd2 Rb7 18. Bc3 Nc6 19. Ra1 Qd7 20. Nf5 Rfb8 21. Ne3 Ne8
22. Nd2 Bg5 23. Ndc4 Bxe3 24. Rxe3 Nc7 25. Qh5 Ne6 26. Rf1 Nf4 27. Qd1 f6 28. g3
Ne6 29. f4 exf4 30. gxf4 d5 31. exd5 Qxd5 32. Qg4 Ned4 33. Qg2 Rd7 34. Re4 f5
35. Re3 Qxg2+ 36. Kxg2 Nb4 37. Bxb4 cxb4 38. Re5 Nb3 39. Rf3 Rbd8 40. Rfe3 g6
41. Re8+ Rxe8 42. Rxe8+ Kg7 43. Rb8 a5 44. Rb5 Rxd3 45. Nxa5 Nxa5 46. Rxa5 Rd2+
47. Kg3 Rxb2 48. Rb5 b3 49. a5 Kh6 50. Rb7 Ra2 51. Rxb3 Rxa5 52. Rc3 Kh5 53. h3
Ra1 54. Rd3 h6 55. Rf3 Ra2 56. Rb3 Ra5 57. Rc3 g5 58. fxg5 hxg5 59. Rc8 Ra3+ 60.
Kg2 f4 61. Rf8 Rg3+ 62. Kh2 Rc3 63. Kg2 Rc2+ 64. Kf3 Rh2 65. Rh8+ Kg6 66. Kg4
Rg2+ 67. Kf3 Rg3+ 68. Kf2 Kg7 69. Rh5 Kf6 70. Rh8 Ra3 71. Ke2 Kg7 72. Rh5 Kg6
73. Rh8 Ra7 74. Kf3 Ra3+ 75. Kf2 Re3 76. Kg2 Kf5 77. Kf2 Re5 78. Kf3 Re3+ 1/2-1/2

[Event "grenke Chess Open 2025"]
[Site "Karlsruhe GER"]
[Date "2025.04.19"]
[Round "4.2"]
[White "Domingo Nunez, Ruben"]
[Black "Vitiugov, Nikita"]
[Result "0-1"]
[WhiteTitle "IM"]
[BlackTitle "GM"]
[WhiteElo "2429"]
[BlackElo "2670"]
[WhiteFideId "22245570"]
[BlackFideId "4152956"]
[EventDate "2025.04.17"]

1. e4 e5 2. Nf3 Nc6 3. Bc4 Bc5 4. c3 Nf6 5. d3 O-O 6. O-O d6 7. h3 a6 8. Bb3 h6
9. Re1 Re8 10. Nbd2 Be6 11. Bxe6 Rxe6 12. Nb3 Ba7 13. Be3 Bxe3 14. Rxe3 a5 15.
a4 Qe7 16. Nh4 g6 17. Nf5 Qf8 18. Rg3 d5 19. Qc2 Rd8 20. Ne3 b6 21. Re1 Ne7 22.
exd5 Nexd5 23. Nxd5 Nxd5 24. d4 Rde8 25. dxe5 Rxe5 26. Rxe5 Rxe5 27. Qd2 Nf6 28.
Re3 Rd5 29. Rd3 Rxd3 30. Qxd3 Qe8 31. Qd4 Kg7 32. Kf1 c5 33. Qc4 Ne4 34. Kg1 h5
35. h4 Qe5 36. Qe2 Qd5 37. c4 Qe6 38. Nc1 Nd6 39. Qxe6 fxe6 40. b3 Kf6 41. g3
Ke5 42. f3 Kd4 43. Kf2 Kc3 44. Ne2+ Kxb3 45. Nf4 Kxa4 46. Nxg6 Kb3 47. g4 a4 48.
Ne5 a3 0-1

[Event "grenke Chess Open 2025"]
[Site "Karlsruhe GER"]
[Date "2025.04.19"]
[Round "4.3"]
[White "Saric, Ivan"]
[Black "Grutter, Tim"]
[Result "1/2-1/2"]
[WhiteTitle "GM"]
[BlackTitle "FM"]
[WhiteElo "2659"]
[BlackElo "2423"]
[WhiteFideId "14508150"]
[BlackFideId "1057472"]
[EventDate "2025.04.17"]

1. Nf3 Nf6 2. g3 g6 3. Bg2 Bg7 4. c4 O-O 5. Nc3 d6 6. O-O e5 7. d3 Nc6 8. Rb1 a5
9. b3 h6 10. Bb2 Be6 11. Re1 Qd7 12. d4 exd4 13. Nxd4 Bh3 14. Bh1 Rfe8 15. Nd5
Nxd5 16. cxd5 Nb4 17. a3 Na6 18. a4 Re7 19. Nb5 Bxb2 20. Rxb2 Nc5 21. Rd2 Rae8
22. Nd4 Bf5 23. Nxf5 Qxf5 24. e3 Rb8 25. Bg2 b5 1/2-1/2

[Event "grenke Chess Open 2025"]
[Site "Karlsruhe GER"]
[Date "2025.04.19"]
[Round "4.4"]
[White "Yuffa, Daniil"]
[Black "De Boer, Eelke"]
[Result "1-0"]
[WhiteTitle "GM"]
[BlackTitle "IM"]
[WhiteElo "2649"]
[BlackElo "2412"]
[WhiteFideId "24131423"]
[BlackFideId "1048120"]
[EventDate "2025.04.17"]

1. c4 Nf6 2. Nc3 e6 3. e4 c5 4. e5 Ng8 5. d4 cxd4 6. Qxd4 Nc6 7. Qf4 d6 8. Nf3
Nh6 9. Be2 Nf5 10. O-O dxe5 11. Nxe5 Bd6 12. Nxc6 Qc7 13. Qg4 bxc6 14. Qh3 O-O
15. Bd3 h6 16. Ne4 Bf4 17. Bxf4 Qxf4 18. Rad1 Rd8 19. Bb1 Ba6 20. Qc3 Nd6 21.
Rxd6 Rxd6 22. g3 Qg4 23. Nxd6 Rd8 24. Qa5 1-0

[Event "grenke Chess Open 2025"]
[Site "Karlsruhe GER"]
[Date "2025.04.19"]
[Round "4.5"]
[White "Ivic, Velimir"]
[Black "Schmider, Niklas"]
[Result "1/2-1/2"]
[WhiteTitle "GM"]
[BlackTitle "IM"]
[WhiteElo "2623"]
[BlackElo "2406"]
[WhiteFideId "950122"]
[BlackFideId "12993778"]
[EventDate "2025.04.17"]

1. e4 c5 2. Nf3 d6 3. Bb5+ Nd7 4. Ba4 Nf6 5. O-O e6 6. d3 Be7 7. c4 O-O 8. Nc3
b6 9. Ne1 Bb7 10. f4 Nb8 11. Nf3 Nc6 12. Bxc6 Bxc6 13. b3 a6 14. Bb2 b5 15. Qe2
Qc7 16. Rae1 Nd7 17. g4 Rae8 18. Qg2 b4 19. Ne2 d5 20. cxd5 exd5 21. Ng3 Bb5 22.
Nf5 dxe4 23. Rxe4 Bf6 24. g5 Bxb2 25. Qxb2 f6 26. Ne7+ Kh8 27. Qe2 Qd8 28. Re1
Ne5 29. Nxe5 fxe5 30. Rxe5 Rxf4 31. Ng6+ hxg6 32. Rxe8+ Qxe8 33. Qxe8+ Bxe8 34.
Rxe8+ Kh7 35. Re3 Rg4+ 36. Rg3 Rf4 37. Kg2 Kg8 38. Rf3 Rg4+ 39. Rg3 Rf4 40. Rf3 1/2-1/2

[Event "grenke Chess Open 2025"]
[Site "Karlsruhe GER"]
[Date "2025.04.19"]
[Round "4.6"]
[White "Nothnagel, Marian Can"]
[Black "Donchenko, Alexander"]
[Result "1/2-1/2"]
[WhiteTitle "FM"]
[BlackTitle "GM"]
[WhiteElo "2424"]
[BlackElo "2617"]
[WhiteFideId "12921530"]
[BlackFideId "24603295"]
[EventDate "2025.04.17"]

1. e4 c5 2. Nf3 e6 3. d3 Nc6 4. g3 d5 5. Nbd2 Nf6 6. Bg2 Be7 7. O-O b5 8. exd5
exd5 9. a4 b4 10. d4 O-O 11. dxc5 Bxc5 12. Nb3 Bb6 13. Bg5 a5 14. Bxf6 Qxf6 15.
Qxd5 Ba6 16. Rfb1 Rac8 17. Qg5 Qxg5 18. Nxg5 Ne5 19. Rc1 Rc7 20. Nf3 Ng4 21.
Nbd4 g6 22. Rd1 Rd8 23. Rd2 Ne5 24. Nxe5 Rxd4 25. Rxd4 Bxd4 26. Nc6 Bxb2 27. Rd1
Kg7 28. Rd6 Bc8 29. Be4 Bd7 30. Nxa5 Bxa4 31. Rb6 Bc3 32. Nc6 f5 33. Bf3 Rd7 34.
Nxb4 Rd2 35. Nd5 Bd4 36. Rb7+ Kh6 37. Ne3 Bxc2 38. h4 Ba4 39. Kf1 Ra2 1/2-1/2

[Event "grenke Chess Open 2025"]
[Site "Karlsruhe GER"]
[Date "2025.04.19"]
[Round "4.7"]
[White "Safarli, Eltaj"]
[Black "Postlmayer, Jakob"]
[Result "1/2-1/2"]
[WhiteTitle "GM"]
[BlackTitle "FM"]
[WhiteElo "2617"]
[BlackElo "2403"]
[WhiteFideId "13402129"]
[BlackFideId "1643622"]
[EventDate "2025.04.17"]

1. e4 e6 2. d4 d5 3. Nd2 c5 4. Ngf3 cxd4 5. exd5 Qxd5 6. Bc4 Qd7 7. O-O Nc6 8.
Bb5 Qc7 9. Nxd4 Bd7 10. N2f3 Nf6 11. Re1 Nxd4 12. Nxd4 Bxb5 13. Nxb5 Qb6 14. c4
Bc5 15. Qf3 a6 16. Nc3 Rc8 17. b3 Qc6 18. Nd5 Kf8 19. b4 Bd6 20. Nxf6 Qxf3 21.
Nd7+ Ke7 1/2-1/2